000 00274nam a2200097Ia 4500
008 160523s9999 xx 000 0 und d
245 _aUrban Development
245 _cEdited by Serafeim Polyzos
260 _c2012
856 _uhttp://www.intechopen.com/books/urban-development
999 _c294893
_d294893